[Event "Aeroflot Open A"]
[Site "Moscow RUS"]
[Date "2011.02.11"]
[Round "4"]
[White "Oleksienko, Mikhailo"]
[Black "Zhao, Jun"]
[Result "1/2-1/2"]
[WhiteTitle "GM"]
[BlackTitle "GM"]
[WhiteElo "2552"]
[BlackElo "2599"]
[WhiteFideId "4152417"]
[BlackFideId "8602522"]
[EventDate "2011.02.08"]

1. e4 c5 2. Nf3 d6 3. d4 cxd4 4. Nxd4 Nf6 5. Nc3 a6 6. Be3 e5 7. Nf3 Qc7 8. a4
Be7 9. a5 O-O 10. Be2 Nc6 11. Bb6 Qd7 12. Nd2 d5 13. Nxd5 Nxd5 14. exd5 Qxd5 15.
O-O Qe6 16. c3 Qg6 17. Bh5 Qh6 18. Be3 Bg5 19. Bxg5 Qxg5 20. Ne4 Qe7 21. Qd6 Qh4
22. Bf3 Bg4 23. Bxg4 Qxg4 24. f3 Qc8 25. Rfd1 Rd8 26. Qc5 Qc7 27. b4 Rd7 28. Qb6
Rad8 29. Qxc7 Rxc7 30. Rxd8+ Nxd8 31. Rd1 Nc6 32. g4 Kf8 33. Kf2 Ke7 34. Ke3 f6
35. h4 Nb8 36. Nc5 Nd7 1/2-1/2

[Event "Aeroflot Open A"]
[Site "Moscow RUS"]
[Date "2011.02.11"]
[Round "4"]
[White "Ju, Wenjun"]
[Black "Bluvshtein, Mark"]
[Result "0-1"]
[WhiteTitle "WGM"]
[BlackTitle "GM"]
[WhiteElo "2514"]
[BlackElo "2590"]
[WhiteFideId "8603006"]
[BlackFideId "2603608"]
[EventDate "2011.02.08"]

1. c4 e5 2. Nc3 Nf6 3. g3 d5 4. cxd5 Nxd5 5. Bg2 Nb6 6. Nf3 Nc6 7. O-O Be7 8. a3
O-O 9. b4 Be6 10. d3 a5 11. b5 Nd4 12. Rb1 f6 13. Nd2 Qc8 14. e3 Nf5 15. Qc2 a4
16. Ne2 Rd8 17. e4 Nd4 18. Nxd4 Rxd4 19. Bb2 Rd6 20. f4 Qd7 21. Rf3 Qxb5 22.
Bxe5 Rc6 23. Qd1 Bb3 24. Nxb3 fxe5 25. Na1 Qc5+ 26. Kh1 Rd8 27. fxe5 Qxe5 28.
Rf5 Qd4 29. e5 Rc3 30. Be4 g6 31. Qg4 Rxd3 32. Rff1 Rd2 33. Rbe1 Rf8 34. Qe6+
Kh8 35. Bg2 Bxa3 36. h4 Rdf2 37. Rxf2 Qxf2 38. Rf1 Qc5 39. Rxf8+ Qxf8 40. Nc2
Bc5 41. Ne1 Qe7 42. Qxe7 Bxe7 43. Bxb7 a3 44. Nc2 Bc5 45. Kg2 a2 46. Kf3 Bd4 0-1

[Event "Aeroflot Open A"]
[Site "Moscow RUS"]
[Date "2011.02.11"]
[Round "4"]
[White "Edouard, Romain"]
[Black "Paikidze, Nazi"]
[Result "1-0"]
[WhiteTitle "GM"]
[BlackTitle "WGM"]
[WhiteElo "2634"]
[BlackElo "2455"]
[WhiteFideId "633429"]
[BlackFideId "13603620"]
[EventDate "2011.02.08"]

1. e4 c6 2. Nf3 d5 3. Nc3 Bg4 4. h3 Bxf3 5. Qxf3 e6 6. d3 Nd7 7. Bd2 Ngf6 8. g4
h6 9. h4 d4 10. Ne2 Qb6 11. O-O-O c5 12. Bf4 e5 13. Bg3 Qe6 14. g5 hxg5 15. hxg5
Rxh1 16. Qxh1 Qxa2 17. gxf6 Qa1+ 18. Kd2 Qxb2 19. fxg7 Bxg7 20. Bh3 Qb4+ 21. c3
dxc3+ 22. Ke3 c2 23. Bxd7+ Kxd7 24. Qh3+ Kc6 25. Rc1 Qb3 26. Kd2 Rh8 27. Qf1 Rd8
28. Nc3 Bh6+ 29. f4 Rg8 30. Qh3 Qe6 31. Rh1 c1=Q+ 32. Kxc1 Qb3 33. Nd5 Kb5 34.
Qd7+ Ka5 35. Be1+ 1-0

[Event "Aeroflot Open A"]
[Site "Moscow RUS"]
[Date "2011.02.11"]
[Round "4"]
[White "Pogonina, Natalija"]
[Black "Khader, Sami"]
[Result "1-0"]
[WhiteTitle "WGM"]
[BlackTitle "IM"]
[WhiteElo "2472"]
[BlackElo "2450"]
[WhiteFideId "4147855"]
[BlackFideId "8100500"]
[EventDate "2011.02.08"]

1. e4 e6 2. d4 d5 3. Nd2 Nc6 4. Ngf3 Nf6 5. e5 Nd7 6. c4 f6 7. cxd5 exd5 8. Bb5
Be7 9. O-O O-O 10. e6 Nb6 11. Re1 Qd6 12. Nb3 Bxe6 13. Qe2 Kf7 14. Bf4 Qd7 15.
Nc5 Bxc5 16. dxc5 Nc8 17. Bxc7 Re8 18. Bg3 N8e7 19. Rad1 Rad8 20. Ba4 Bg4 21.
Bb3 Nf5 22. Rxd5 Rxe2 23. Rxd7+ Kg6 24. Rxd8 Rxe1+ 25. Nxe1 Nxg3 26. Rd6 Ne2+
27. Kf1 Ned4 28. Bc4 Bc8 29. a3 h5 30. b4 a6 31. Nf3 Nxf3 32. gxf3 Kf5 33. Bd5
Ne7 34. Bxb7 Bxb7 35. Rd7 Bxf3 36. Rxe7 Bc6 37. Rxg7 1-0

[Event "Aeroflot Open A"]
[Site "Moscow RUS"]
[Date "2011.02.12"]
[Round "5"]
[White "Tomashevsky, Evgeny"]
[Black "Le, Quang Liem"]
[Result "1/2-1/2"]
[WhiteTitle "GM"]
[BlackTitle "GM"]
[WhiteElo "2695"]
[BlackElo "2664"]
[WhiteFideId "4147235"]
[BlackFideId "12401137"]
[EventDate "2011.02.08"]

1. d4 Nf6 2. c4 g6 3. Nc3 d5 4. Nf3 Bg7 5. Qb3 dxc4 6. Qxc4 O-O 7. e4 a6 8. Be2
b5 9. Qb3 c5 10. dxc5 Be6 11. Qc2 Nbd7 12. Be3 Rc8 13. Rd1 b4 14. Nd5 Bxd5 15.
exd5 Nxc5 16. O-O a5 17. Rfe1 Ncd7 18. Bc4 Ng4 19. Bd4 Qc7 20. Bxg7 Kxg7 21. b3
Qc5 22. Qe2 Nb6 23. h3 Nf6 24. Qxe7 Nxc4 25. bxc4 Qxc4 26. Nd4 Rce8 27. Ne6+ Kg8
28. Qc7 Qxc7 29. Nxc7 Rxe1+ 30. Rxe1 Rd8 31. Rc1 Rd7 32. Rc5 Ne4 33. Rc6 Nc3 34.
d6 Nxa2 35. Nd5 Kg7 36. Nb6 b3 37. Na4 Kf6 38. Rb6 Nb4 39. f4 g5 40. fxg5+ Kxg5
41. Nb2 Nc2 42. Rxb3 Rxd6 43. Rb5+ f5 44. Rxa5 Ne3 45. Ra3 Rd2 1/2-1/2

[Event "Aeroflot Open A"]
[Site "Moscow RUS"]
[Date "2011.02.12"]
[Round "5"]
[White "Jakovenko, Dmitry"]
[Black "Kobalia, Mikhail"]
[Result "1/2-1/2"]
[WhiteTitle "GM"]
[BlackTitle "GM"]
[WhiteElo "2718"]
[BlackElo "2666"]
[WhiteFideId "4122356"]
[BlackFideId "4119150"]
[EventDate "2011.02.08"]

1. d4 d5 2. c4 c6 3. Nc3 Nf6 4. e3 e6 5. Nf3 a6 6. b3 Bb4 7. Bd2 O-O 8. Bd3 Nbd7
9. O-O Bd6 10. Qc2 b6 11. Rfe1 Qc7 12. h3 h6 13. Rac1 Bb7 14. e4 dxe4 15. Nxe4
Nxe4 16. Bxe4 c5 17. Bxb7 1/2-1/2

[Event "Aeroflot Open A"]
[Site "Moscow RUS"]
[Date "2011.02.12"]
[Round "5"]
[White "Mamedov, Rauf"]
[Black "Vitiugov, Nikita"]
[Result "1/2-1/2"]
[WhiteTitle "GM"]
[BlackTitle "GM"]
[WhiteElo "2660"]
[BlackElo "2709"]
[WhiteFideId "13401653"]
[BlackFideId "4152956"]
[EventDate "2011.02.08"]

1. e4 e6 2. d4 d5 3. Nd2 c5 4. Ngf3 cxd4 5. exd5 Qxd5 6. Bc4 Qd6 7. O-O Nf6 8.
Nb3 Nc6 9. Nbxd4 Nxd4 10. Qxd4 Qxd4 11. Nxd4 Bd7 12. h3 Rc8 1/2-1/2

[Event "Aeroflot Open A"]
[Site "Moscow RUS"]
[Date "2011.02.12"]
[Round "5"]
[White "Kasimdzhanov, Rustam"]
[Black "Bukavshin, Ivan"]
[Result "1-0"]
[WhiteTitle "GM"]
[BlackTitle "FM"]
[WhiteElo "2681"]
[BlackElo "2458"]
[WhiteFideId "14200244"]
[BlackFideId "4199758"]
[EventDate "2011.02.08"]

1. d4 d5 2. c4 c6 3. Nf3 Nf6 4. Nc3 e6 5. e3 Nbd7 6. Qc2 Bd6 7. Bd3 O-O 8. O-O
dxc4 9. Bxc4 b5 10. Be2 a6 11. Rd1 Qc7 12. Ne4 Nxe4 13. Qxe4 Be7 14. Bd2 Bb7 15.
Rac1 c5 16. Qb1 Qb6 17. dxc5 Nxc5 18. Bc3 Be4 19. Qa1 f6 20. b4 Na4 21. Rd7 Nxc3
22. Qxc3 Ra7 23. Rxa7 Qxa7 24. Nd4 Qd7 25. Bd1 Bd5 26. Bb3 Kf7 27. f4 Rd8 28. f5
exf5 29. Nc6 Bxb3 30. Qxb3+ Kg6 31. Nxd8 Bxd8 32. Rd1 Qe8 33. Rd5 Bb6 34. Qd3
Kh6 35. Rxf5 Bxe3+ 36. Kf1 Bg5 37. Rf3 g6 38. h4 Bxh4 39. Qe3+ Qxe3 40. Rxe3 Bg5
41. Re6 Bd2 42. Rxa6 Bxb4 43. Rb6 1-0

[Event "Aeroflot Open A"]
[Site "Moscow RUS"]
[Date "2011.02.12"]
[Round "5"]
[White "Zhou, Jianchao"]
[Black "Fedoseev, Vladimir3"]
[Result "1-0"]
[WhiteTitle "GM"]
[BlackTitle "IM"]
[WhiteElo "2655"]
[BlackElo "2505"]
[WhiteFideId "8603537"]
[BlackFideId "24130737"]
[EventDate "2011.02.08"]

1. d4 Nf6 2. c4 g6 3. Nc3 Bg7 4. e4 d6 5. f3 O-O 6. Be3 c5 7. Nge2 Nc6 8. d5 Ne5
9. Ng3 e6 10. Be2 exd5 11. cxd5 a6 12. a4 Bd7 13. O-O b5 14. h3 Rb8 15. axb5
axb5 16. f4 Nc4 17. Bxc4 bxc4 18. e5 Re8 19. Qf3 Rxb2 20. exf6 Qxf6 21. Rac1 Qd8
22. Bf2 f5 23. Rfe1 Qa5 24. Rxe8+ Bxe8 25. Nd1 Ra2 26. Ne3 c3 27. Nexf5 gxf5 28.
Qe3 Bf7 29. Nxf5 Bf6 30. Nh6+ Kf8 31. Nxf7 Bd4 32. Qe6 Rxf2 33. Kh1 Qa6 34. Nxd6
Rf1+ 35. Kh2 Bg1+ 36. Kg3 Qd3+ 37. Kg4 h5+ 38. Kg5 Qg3+ 39. Kxh5 Rxf4 40. Nf5
Qxg2 41. Qe7+ Kg8 42. Qe8+ Kh7 43. Qf7+ Kh8 44. Qf8+ Kh7 45. Qh6+ Kg8 46. Qxf4
Qxh3+ 47. Kg5 Bh2 48. Ne7+ 1-0

[Event "Aeroflot Open A"]
[Site "Moscow RUS"]
[Date "2011.02.12"]
[Round "5"]
[White "Kamsky, Gata"]
[Black "Ni, Hua"]
[Result "1/2-1/2"]
[WhiteTitle "GM"]
[BlackTitle "GM"]
[WhiteElo "2730"]
[BlackElo "2645"]
[WhiteFideId "2000024"]
[BlackFideId "8601160"]
[EventDate "2011.02.08"]

1. e4 e5 2. Nf3 Nc6 3. Bb5 Nf6 4. O-O Nxe4 5. d4 Nd6 6. Bxc6 dxc6 7. dxe5 Nf5 8.
Qxd8+ Kxd8 9. Rd1+ Ke8 10. Nc3 Be7 11. h3 h5 12. Ne2 Be6 13. Nf4 Bc8 14. Ne2 Be6
15. Bf4 Rd8 16. Rxd8+ Bxd8 17. b3 Bd5 18. Ned4 Nxd4 19. Nxd4 c5 20. Nf5 Be4 21.
Ne3 Kd7 22. f3 Bg6 23. Rd1+ Kc6 24. c4 h4 25. e6 fxe6 26. Ng4 Bf6 27. Ne5+ Bxe5
28. Bxe5 Rg8 29. Bf4 a5 30. Bg5 Rh8 31. Re1 Kd7 32. Kf2 a4 33. Re2 Rh5 34. f4
Rh8 35. Ke3 Bf5 36. Kd2 axb3 37. axb3 Kc6 38. Kc3 b6 39. Rd2 Be4 40. Re2 Bf5 1/2-1/2

[Event "Aeroflot Open A"]
[Site "Moscow RUS"]
[Date "2011.02.12"]
[Round "5"]
[White "Movsesian, Sergei"]
[Black "Sandipan, Chanda"]
[Result "1/2-1/2"]
[WhiteTitle "GM"]
[BlackTitle "GM"]
[WhiteElo "2721"]
[BlackElo "2641"]
[WhiteFideId "310204"]
[BlackFideId "5004225"]
[EventDate "2011.02.08"]

1. e4 c5 2. Nf3 e6 3. d4 cxd4 4. Nxd4 Nf6 5. Nc3 d6 6. g4 h6 7. h3 a6 8. Bg2 Be7
9. Be3 Nc6 10. f4 Nd7 11. Nf3 b5 12. a4 b4 13. Ne2 Bb7 14. Ng3 g6 15. O-O h5 16.
g5 h4 17. Nh1 Na5 18. Nf2 Nc4 19. Bc1 e5 20. b3 Na5 21. Bb2 Rh5 22. Qd2 Nc5 23.
fxe5 dxe5 24. Qe3 Nd7 25. Rad1 Nc6 26. Nxe5 Ncxe5 27. Bxe5 Bxg5 28. Qe1 Be7 29.
Bd6 Qb6 30. Bxe7 Kxe7 31. Kh1 Ne5 32. Nd3 Nxd3 33. cxd3 Qd4 34. Rf4 Rc8 35. Qf1
f6 36. Qf3 Rc2 37. Rf1 f5 38. Rg1 Rg5 39. Rxh4 Rf2 40. Qd1 Qb2 41. Qe1 a5 42.
Qe3 Rfxg2 43. exf5+ Kf8 44. Qc5+ Kg8 45. Qc4+ Kf8 46. Qc5+ 1/2-1/2

[Event "Aeroflot Open A"]
[Site "Moscow RUS"]
[Date "2011.02.12"]
[Round "5"]
[White "Vachier-Lagrave, Maxime"]
[Black "Khairullin, Ildar"]
[Result "1/2-1/2"]
[WhiteTitle "GM"]
[BlackTitle "GM"]
[WhiteElo "2715"]
[BlackElo "2640"]
[WhiteFideId "623539"]
[BlackFideId "4151348"]
[EventDate "2011.02.08"]

1. c4 Nf6 2. Nc3 e5 3. Nf3 Nc6 4. g3 d5 5. cxd5 Nxd5 6. Bg2 Nb6 7. O-O Be7 8. a3
O-O 9. b4 Be6 10. d3 a5 11. b5 Nd4 12. Rb1 f6 13. Nd2 Qc8 14. e3 Nf5 15. Qc2 Rd8
16. Rd1 Nd6 17. Bb2 a4 18. Ba1 Ra5 19. Qc1 Kh8 20. Bf3 Bf8 21. Qc2 Nf7 22. Nce4
Ra7 23. Bb2 Nd5 24. Nc4 b6 25. h4 c6 26. Ba1 c5 27. Ned2 Qb8 28. d4 exd4 29.
exd4 Nh6 30. Re1 Bf5 31. Be4 Qc8 32. Rbc1 1/2-1/2

[Event "Aeroflot Open A"]
[Site "Moscow RUS"]
[Date "2011.02.12"]
[Round "5"]
[White "Bologan, Viktor"]
[Black "Salgado Lopez, Ivan"]
[Result "0-1"]
[WhiteTitle "GM"]
[BlackTitle "GM"]
[WhiteElo "2693"]
[BlackElo "2626"]
[WhiteFideId "13900048"]
[BlackFideId "2257327"]
[EventDate "2011.02.08"]

1. e4 c5 2. Nf3 Nc6 3. Bb5 g6 4. Bxc6 bxc6 5. O-O Bg7 6. Re1 Nh6 7. c3 O-O 8. d4
Qb6 9. h3 f6 10. Nbd2 cxd4 11. cxd4 Ba6 12. Nb3 d6 13. Bd2 Nf7 14. Na5 e5 15.
Re3 Rac8 16. Rb3 Qd8 17. Rc1 c5 18. d5 Qd7 19. Nc6 Bb7 20. Nxa7 Ra8 21. Nb5 Rxa2
22. Na3 f5 23. Qc2 Ba8 24. Nh2 fxe4 25. Qxe4 Nh6 26. Bxh6 Bxh6 27. Rd1 Qa7 28.
Ng4 Bg5 29. h4 Rf4 30. Qe2 Bd8 31. g3 Rd4 32. Rxd4 cxd4 33. Qb5 Kg7 34. Nc2 Ra5
35. Ra3 Rxb5 36. Rxa7+ Bb7 37. Na3 Rxb2 38. Nc4 Rb1+ 39. Kg2 Bc7 40. f3 Bb8 41.
Ra5 Rb4 42. Na3 d3 43. Nf2 d2 44. Nc2 Rb3 45. g4 Kf8 0-1

[Event "Aeroflot Open A"]
[Site "Moscow RUS"]
[Date "2011.02.12"]
[Round "5"]
[White "Riazantsev, Alexander"]
[Black "Rodshtein, Maxim"]
[Result "1/2-1/2"]
[WhiteTitle "GM"]
[BlackTitle "GM"]
[WhiteElo "2689"]
[BlackElo "2625"]
[WhiteFideId "4125029"]
[BlackFideId "2806851"]
[EventDate "2011.02.08"]

1. d4 Nf6 2. c4 g6 3. Nc3 d5 4. Nf3 Bg7 5. Qb3 dxc4 6. Qxc4 O-O 7. e4 a6 8. Be2
b5 9. Qb3 c5 10. dxc5 Be6 11. Qc2 Nbd7 12. Be3 Rc8 13. Rd1 b4 14. Nd5 Bxd5 15.
exd5 Nxc5 16. O-O Qd6 17. Rc1 Qb8 18. Bxc5 Nd7 19. Bxa6 Rxc5 20. Qd2 Rd8 21.
Rxc5 Nxc5 22. Bc4 e6 23. Rd1 Na4 24. Bb3 Nc5 25. Bc4 Na4 26. Bb3 Nc5 27. Qe3
Nxb3 28. Qxb3 exd5 29. Ne1 Qd6 30. Nd3 Bf8 31. g3 Ra8 32. h4 Qa6 33. Nxb4 Bxb4
34. Qxb4 Qxa2 35. h5 gxh5 36. Qb7 h4 37. gxh4 Re8 38. Rxd5 Qb1+ 39. Kh2 Qe4 40.
Kg3 f5 41. Qb3 1/2-1/2

[Event "Aeroflot Open A"]
[Site "Moscow RUS"]
[Date "2011.02.12"]
[Round "5"]
[White "Ding, Liren"]
[Black "Timofeev, Artyom"]
[Result "1/2-1/2"]
[WhiteTitle "GM"]
[BlackTitle "GM"]
[WhiteElo "2628"]
[BlackElo "2681"]
[WhiteFideId "8603677"]
[BlackFideId "4140419"]
[EventDate "2011.02.08"]

1. d4 d5 2. c4 dxc4 3. e4 Nc6 4. Nf3 Bg4 5. Be3 e6 6. Bxc4 Bxf3 7. gxf3 Qf6 8.
Nc3 O-O-O 9. Qa4 Qxf3 10. Rg1 Bb4 11. d5 exd5 12. exd5 Re8 13. dxc6 Rxe3+ 14.
Kf1 Bc5 15. Rg3 Qh1+ 16. Rg1 Qf3 17. Rg3 1/2-1/2

[Event "Aeroflot Open A"]
[Site "Moscow RUS"]
[Date "2011.02.12"]
[Round "5"]
[White "Cheparinov, Ivan"]
[Black "Hess, Robert L"]
[Result "1/2-1/2"]
[WhiteTitle "GM"]
[BlackTitle "GM"]
[WhiteElo "2665"]
[BlackElo "2572"]
[WhiteFideId "2905540"]
[BlackFideId "2022036"]
[EventDate "2011.02.08"]

1. d4 Nf6 2. c4 e6 3. Nf3 Bb4+ 4. Nbd2 O-O 5. a3 Be7 6. e4 d6 7. Bd3 e5 8. O-O
a5 9. b3 exd4 10. Nxd4 Re8 11. Bb2 Bf8 12. h3 c6 13. Re1 Nbd7 14. b4 g6 15. Bf1
Bg7 16. Qc2 axb4 17. axb4 Rxa1 18. Bxa1 Qe7 19. Bc3 Bh6 20. N4f3 Bg7 21. Qb2 Nh5
22. Bxg7 Nxg7 23. Re3 Nh5 24. g3 Ne5 25. Nxe5 dxe5 26. c5 Rd8 27. Nc4 Rd1 28.
Rd3 Rxd3 29. Bxd3 Bxh3 30. Nxe5 Be6 31. Nf3 Bg4 32. Qe5 Qxe5 33. Nxe5 Be6 34. b5
cxb5 35. Bxb5 Nf6 36. f3 Kf8 37. Kf2 Ke7 38. Ke3 h5 39. f4 Ng4+ 40. Nxg4 Bxg4
41. Kd4 f6 42. e5 g5 43. exf6+ Kxf6 44. fxg5+ Kxg5 45. Bf1 Bf3 46. Bh3 h4 47.
gxh4+ Kxh4 48. Bc8 Kg3 49. Ke5 Kf2 50. Kd6 Ke3 51. Kc7 Kd4 52. Bxb7 Kxc5 1/2-1/2

[Event "Aeroflot Open A"]
[Site "Moscow RUS"]
[Date "2011.02.12"]
[Round "5"]
[White "Kurnosov, Igor"]
[Black "Vuckovic, Bojan"]
[Result "1-0"]
[WhiteTitle "GM"]
[BlackTitle "GM"]
[WhiteElo "2662"]
[BlackElo "2623"]
[WhiteFideId "4142527"]
[BlackFideId "922277"]
[EventDate "2011.02.08"]

1. e4 e5 2. Nf3 Nc6 3. d4 exd4 4. Nxd4 Bc5 5. Nxc6 Qf6 6. Qf3 dxc6 7. Bc4 Ne7 8.
Qxf6 gxf6 9. Bf4 Bb6 10. Nc3 Ng6 11. Bg3 h5 12. h4 Be6 13. Bxe6 fxe6 14. O-O-O
Rd8 15. Na4 f5 16. Nxb6 cxb6 17. f3 fxe4 18. fxe4 Rg8 19. Rxd8+ Kxd8 20. Rf1 Ke7
21. Rf3 Nf8 22. Rd3 Nd7 23. Bd6+ Ke8 24. g3 Nf6 25. Bf4 Rg4 26. Kd1 a5 27. Ke2
Rg6 28. Kf3 Ng4 29. e5 Rg7 30. Rd6 Re7 31. Bg5 Rf7+ 32. Ke4 Nf2+ 33. Ke3 Ng4+
34. Ke4 Nf2+ 35. Kd4 Rd7 36. Rxd7 Kxd7 37. Be3 Nh1 38. Bf4 Nf2 39. Bc1 Nh1 40.
Bf4 Nf2 41. Bd2 Ke8 42. Ke3 Nd1+ 43. Kf4 Nxb2 44. Kg5 Kf7 45. Kxh5 Nc4 46. Bf4
Na3 47. Kh6 Nxc2 48. g4 Nb4 49. Kh7 Nd5 50. Bc1 Ne7 51. h5 b5 52. g5 b4 53. g6+
Ke8 54. Bg5 1-0

[Event "Aeroflot Open A"]
[Site "Moscow RUS"]
[Date "2011.02.12"]
[Round "5"]
[White "Lenic, Luka"]
[Black "Grachev, Boris"]
[Result "1/2-1/2"]
[WhiteTitle "GM"]
[BlackTitle "GM"]
[WhiteElo "2613"]
[BlackElo "2660"]
[WhiteFideId "14603853"]
[BlackFideId "4129199"]
[EventDate "2011.02.08"]

1. c4 c6 2. e4 e5 3. Nf3 d6 4. d4 Bg4 5. Be2 Be7 6. Nbd2 Nd7 7. Ng1 Bxe2 8. Nxe2
Ngf6 9. O-O O-O 10. b3 Re8 11. Bb2 Bf8 12. Re1 g6 13. Qc2 Bg7 14. Rad1 Qc7 15.
h3 Re7 16. dxe5 Nxe5 17. Ba3 1/2-1/2

[Event "Aeroflot Open A"]
[Site "Moscow RUS"]
[Date "2011.02.12"]
[Round "5"]
[White "Shomoev, Anton"]
[Black "Zvjaginsev, Vadim"]
[Result "0-1"]
[WhiteTitle "GM"]
[BlackTitle "GM"]
[WhiteElo "2557"]
[BlackElo "2660"]
[WhiteFideId "4135148"]
[BlackFideId "4113403"]
[EventDate "2011.02.08"]

1. e4 e5 2. Nf3 Nc6 3. Bb5 a6 4. Ba4 Nge7 5. O-O g6 6. c3 Bg7 7. d4 exd4 8. cxd4
O-O 9. d5 b5 10. Bb3 Na5 11. d6 cxd6 12. Qxd6 Nb7 13. Qf4 Nc5 14. Rd1 d5 15.
Bxd5 Nxd5 16. exd5 Bf5 17. Nc3 Nd3 18. Qd2 b4 19. Ne2 Qxd5 20. a3 Rad8 21. axb4
Qb3 22. Ra3 Nxc1 23. Qxd8 Nxe2+ 24. Kh1 Qxb2 25. Qa5 Nc3 26. Re1 Bd3 27. Kg1 Bb5
28. Raa1 Qc2 29. Ra3 h6 30. Qb6 Qb2 31. Raa1 Qxb4 32. Qa5 Qc5 33. Ra3 Rc8 34. g3
Ne2+ 0-1

[Event "Aeroflot Open A"]
[Site "Moscow RUS"]
[Date "2011.02.12"]
[Round "5"]
[White "Jumabayev, Rinat"]
[Black "Khismatullin, Denis"]
[Result "0-1"]
[WhiteTitle "GM"]
[BlackTitle "GM"]
[WhiteElo "2555"]
[BlackElo "2649"]
[WhiteFideId "13702661"]
[BlackFideId "4142578"]
[EventDate "2011.02.08"]

1. d4 Nf6 2. c4 e6 3. Nf3 d5 4. g3 Bb4+ 5. Bd2 Be7 6. Bg2 O-O 7. O-O c6 8. Bf4
Nbd7 9. Qc2 b6 10. Nc3 Bb7 11. b3 Rc8 12. e4 c5 13. exd5 exd5 14. Rfd1 Re8 15.
Bh3 cxd4 16. Nxd4 dxc4 17. Nf5 Bf8 18. Nd6 Bxd6 19. Bxd6 b5 20. Qf5 a6 21. Bb4
a5 22. Bd6 b4 23. Na4 c3 24. a3 c2 25. Rdc1 Ne5 0-1

[Event "Aeroflot Open A"]
[Site "Moscow RUS"]
[Date "2011.02.12"]
[Round "5"]
[White "Dubov, Daniil"]
[Black "Andreikin, Dmitry"]
[Result "1/2-1/2"]
[WhiteTitle "IM"]
[BlackTitle "GM"]
[WhiteElo "2459"]
[BlackElo "2689"]
[WhiteFideId "24126055"]
[BlackFideId "4158814"]
[EventDate "2011.02.08"]

1. d4 Nf6 2. c4 e6 3. Nc3 Bb4 4. Qc2 c5 5. dxc5 O-O 6. a3 Bxc5 7. Nf3 Qb6 8. e3
Qc7 9. Bd3 Be7 10. b3 d6 11. Bb2 Nbd7 12. Rd1 a6 13. Ne4 h6 14. O-O Nxe4 15.
Bxe4 Nc5 16. Nd2 Bd7 17. Qc3 Bf6 18. Qc2 Bxb2 19. Qxb2 Rac8 20. Bc2 Bc6 21. Rc1
Qe7 22. Qd4 Qg5 23. g3 Rfd8 24. b4 Nd7 25. Be4 Qh5 26. Kg2 Ne5 27. Bxc6 Rxc6 28.
f3 Rdc8 29. Rc3 b5 30. c5 dxc5 31. Rxc5 Rxc5 32. bxc5 Nc6 33. Qd7 Rd8 34. Qxc6
Rxd2+ 35. Rf2 Rxf2+ 36. Kxf2 Qxh2+ 37. Kf1 Qd2 38. Qc8+ Kh7 39. c6 Qxe3 40. c7
Qxf3+ 41. Ke1 Qxg3+ 42. Kf1 Qd3+ 1/2-1/2

[Event "Aeroflot Open A"]
[Site "Moscow RUS"]
[Date "2011.02.12"]
[Round "5"]
[White "Petrosian, Tigran L."]
[Black "Motylev, Alexander"]
[Result "1/2-1/2"]
[WhiteTitle "GM"]
[BlackTitle "GM"]
[WhiteElo "2604"]
[BlackElo "2687"]
[WhiteFideId "13301616"]
[BlackFideId "4121830"]
[EventDate "2011.02.08"]

1. e4 c6 2. d4 d5 3. Nc3 dxe4 4. Nxe4 Bf5 5. Ng3 Bg6 6. h4 h6 7. Nf3 Nd7 8. h5
Bh7 9. Bd3 Bxd3 10. Qxd3 e6 11. Bd2 Ngf6 12. O-O-O Be7 13. Ne4 Nxe4 14. Qxe4 Nf6
15. Qd3 O-O 16. Kb1 Qd5 17. c4 1/2-1/2

[Event "Aeroflot Open A"]
[Site "Moscow RUS"]
[Date "2011.02.12"]
[Round "5"]
[White "Volokitin, Andrei"]
[Black "Kotronias, Vasilios"]
[Result "1-0"]
[WhiteTitle "GM"]
[BlackTitle "GM"]
[WhiteElo "2678"]
[BlackElo "2599"]
[WhiteFideId "14107090"]
[BlackFideId "5900212"]
[EventDate "2011.02.08"]

1. d4 Nf6 2. c4 g6 3. Nc3 Bg7 4. e4 d6 5. Nf3 O-O 6. Be2 e5 7. O-O Nc6 8. d5 Ne7
9. Ne1 Nd7 10. Be3 f5 11. f3 f4 12. Bf2 g5 13. Nd3 Nf6 14. c5 Ng6 15. Rc1 Rf7
16. a4 Bf8 17. a5 Rg7 18. cxd6 Bxd6 19. Nc5 Nf8 20. Qb3 g4 21. Ne6 Nxe6 22. dxe6
Qe8 23. Nd5 Nxd5 24. exd5 g3 25. Be1 gxh2+ 26. Kh1 Rb8 27. Bd3 c6 28. Bf5 c5 29.
Bc3 Rg5 30. Qc2 Qh5 31. Bg4 Qe8 32. Rfe1 Qf8 33. Re4 b5 34. axb6 axb6 35. Qe2
Bb7 36. Bxe5 Bxd5 37. Rd1 1-0

[Event "Aeroflot Open A"]
[Site "Moscow RUS"]
[Date "2011.02.12"]
[Round "5"]
[White "Korobov, Anton"]
[Black "Papin, Vasily"]
[Result "0-1"]
[WhiteTitle "GM"]
[BlackTitle "IM"]
[WhiteElo "2670"]
[BlackElo "2568"]
[WhiteFideId "14105730"]
[BlackFideId "4143183"]
[EventDate "2011.02.08"]

1. d4 d5 2. c4 c6 3. Nf3 Nf6 4. Nc3 dxc4 5. a4 e6 6. e3 c5 7. Bxc4 Nc6 8. O-O
cxd4 9. exd4 Be7 10. Re1 O-O 11. Bg5 h6 12. Bh4 b6 13. Rc1 Bb7 14. Bd3 Nb4 15.
Bb1 Nh5 16. Re5 Bxh4 17. Rxh5 g6 18. Rb5 Nd5 19. Ba2 Nc7 20. Re5 Bf6 21. Re1 Bg7
22. Ne5 Rc8 23. Qd3 Bxe5 24. Rxe5 Nd5 25. Bxd5 Bxd5 26. Rce1 Bc4 27. Qe3 Kg7 28.
h3 Rc7 29. b3 Bd5 30. Nxd5 exd5 31. f4 Qd6 32. h4 Rfc8 33. f5 Rc3 34. Qf4 Rxb3
35. Rf1 Qf6 36. Rxd5 g5 37. Qh2 Rd8 38. hxg5 hxg5 39. Rxd8 Qxd8 40. f6+ Kg6 41.
Qe5 Qc8 42. Qe4+ Kh6 43. Rd1 Rc3 44. Kf2 Rc1 45. Rxc1 Qxc1 46. g3 Qb2+ 47. Kf3
Qb3+ 48. Kg4 Qxa4 49. Qh1+ Kg6 50. Qe4+ Kxf6 51. Qe5+ Kg6 52. Qxg5+ Kh7 53. Qf5+
Kg8 54. Qc8+ Kg7 55. Qd8 Qd1+ 56. Kf4 Qd2+ 57. Kf3 Qd3+ 58. Kf4 Qd2+ 59. Kf3 Qh6
60. Qb8 Qf6+ 61. Ke4 Qe6+ 62. Kd3 a5 63. Qa8 Qb3+ 64. Ke4 Qxg3 65. d5 a4 66. Kd4
Qf4+ 67. Kc3 b5 0-1